[Event "Wroclaw Anderssen Memorial op-A"]
[Site "Wroclaw"]
[Date "2023.08.10"]
[Round "6"]
[White "Barwinska, Ewa"]
[Black "Saveljevs, Aleksandrs"]
[Result "1/2-1/2"]
[WhiteElo "1996"]
[BlackElo "1973"]
[PlyCount "45"]
[EventDate "2023.08.06"]
[EventType "swiss"]
[EventRounds "9"]
[EventCountry "POL"]
[SourceTitle "CBM 215 Extra"]
[Source "ChessBase"]
[SourceDate "2023.09.30"]
[SourceVersion "1"]
[SourceVersionDate "2023.09.30"]
[SourceQuality "1"]

1. e4 c5 2. Nf3 Nc6 3. d4 cxd4 4. Nxd4 g6 5. c4 Nf6 6. Nc3 d6 7. Be2 Nxd4 8. Qxd4 Bg7 9. Bg5 0-0 10. Qd2 Be6 11. Rc1 Qa5 12. 0-0 a6 13. b3 b5 14. cxb5 axb5 15. Bxb5 Rfc8 16. Bd3 Rxc3 17. Rxc3 Nxe4 18. Bxe4 Bxc3 19. Qd3 d5 20. Bf3 Ra7 21. h4 d4 22. Bh6 Qc5 23. Qe4 1/2-1/2

[Event "Wroclaw Anderssen Memorial op-A"]
[Site "Wroclaw"]
[Date "2023.08.09"]
[Round "5"]
[White "Saveljevs, Aleksandrs"]
[Black "Skrzypinski, Jan"]
[Result "0-1"]
[WhiteElo "1973"]
[BlackElo "2032"]
[PlyCount "70"]
[EventDate "2023.08.06"]
[EventType "swiss"]
[EventRounds "9"]
[EventCountry "POL"]
[SourceTitle "CBM 215 Extra"]
[Source "ChessBase"]
[SourceDate "2023.09.30"]
[SourceVersion "1"]
[SourceVersionDate "2023.09.30"]
[SourceQuality "1"]

1. e4 d6 2. Nc3 Nf6 3. f4 g6 4. Bc4 Bg7 5. d3 a6 6. a4 c6 7. e5 dxe5 8. fxe5 Nd5 9. Nf3 0-0 10. 0-0 Bg4 11. h3 Bxf3 12. Qxf3 e6 13. d4 Nb4 14. Be3 Nxc2 15. Rad1 Nxe3 16. Qxe3 Nd7 17. Ne4 Qe7 18. Rf2 b5 19. Bb3 c5 20. Nxc5 Nxc5 21. dxc5 Qc7 22. Rd6 Rfd8 23. Rfd2 Bf8 24. Rxd8 Rxd8 25. Rxd8 Qxd8 26. axb5 axb5 27. Bc2 b4 28. Be4 Qa5 29. Kh2 Bxc5 30. Qd3 Bb6 31. b3 Qxe5+ 32. Kh1 Bc7 33. Kg1 f5 34. Bf3 Qe1+ 35. Qf1 Bb6+ 0-1

[Event "Wroclaw Anderssen Memorial op-A"]
[Site "Wroclaw"]
[Date "2023.08.07"]
[Round "3"]
[White "Deutschmann, Matthias"]
[Black "Saveljevs, Aleksandrs"]
[Result "1/2-1/2"]
[WhiteElo "2134"]
[BlackElo "1973"]
[PlyCount "47"]
[EventDate "2023.08.06"]
[EventType "swiss"]
[EventRounds "9"]
[EventCountry "POL"]
[SourceTitle "CBM 215 Extra"]
[Source "ChessBase"]
[SourceDate "2023.09.30"]
[SourceVersion "1"]
[SourceVersionDate "2023.09.30"]
[SourceQuality "1"]

1. e4 c5 2. Nc3 Nc6 3. f4 g6 4. Nf3 Bg7 5. d3 d6 6. Be2 e6 7. 0-0 Nge7 8. Qe1 0-0 9. Kh1 Bd7 10. Bd1 Rb8 11. Ne2 b5 12. g4 f5 13. gxf5 exf5 14. Ng3 Qc7 15. c3 Rbe8 16. Bb3+ Kh8 17. Qf2 Nd8 18. Bd2 Bc6 19. Kg1 c4 20. Bc2 Ne6 21. d4 fxe4 22. Nxe4 Nd5 23. f5 gxf5 24. Neg5 1/2-1/2

[Event "Wroclaw Anderssen Memorial op-A"]
[Site "Wroclaw"]
[Date "2023.08.06"]
[Round "1"]
[White "Dubeck, Michael"]
[Black "Saveljevs, Aleksandrs"]
[Result "1-0"]
[WhiteElo "2154"]
[BlackElo "1973"]
[PlyCount "121"]
[EventDate "2023.08.06"]
[EventType "swiss"]
[EventRounds "9"]
[EventCountry "POL"]
[SourceTitle "CBM 215 Extra"]
[Source "ChessBase"]
[SourceDate "2023.09.30"]
[SourceVersion "1"]
[SourceVersionDate "2023.09.30"]
[SourceQuality "1"]

1. Nf3 c5 2. c4 g6 3. Nc3 Nc6 4. g3 Bg7 5. Bg2 d6 6. d3 e5 7. a3 a5 8. Rb1 Nge7 9. Bd2 0-0 10. 0-0 h6 11. Ne1 f5 12. Nc2 Rb8 13. b4 b6 14. bxc5 bxc5 15. Rxb8 Nxb8 16. Ne3 f4 17. Ned5 g5 18. Qb3 Nec6 19. Rb1 Bg4 20. Qd1 Nd4 21. f3 Be6 22. e3 fxe3 23. Bxe3 Nbc6 24. Ne4 Rf7 25. Nd2 Qc8 26. Ne4 Qd8 27. Rb2 Bf8 28. Rb1 Bg7 29. Nec3 Qf8 30. Rb6 Qd8 31. Rb2 Qf8 32. Rf2 Nf5 33. Bd2 Nfd4 34. Be3 Nf5 35. Bc1 Nfd4 36. Ne4 Qd8 37. Rb2 Qf8 38. Rf2 Qd8 39. Bd2 Qf8 40. Bc3 Qd8 41. Rb2 Bf8 42. Be1 Kg7 43. Bf2 Kg8 44. Nd2 Bf5 45. Nb3 Rb7 46. Nxd4 Rxb2 47. Nxf5 Qb8 48. Qa4 Ra2 49. Nc3 Ra1+ 50. Bf1 Nb4 51. Qb3 Nc6 52. Nb5 Qc8 53. g4 Nd4 54. Nbxd4 exd4 55. Qb2 Rd1 56. Kg2 Qe8 57. Be2 Qa4 58. Bxd1 Qxd1 59. Qb7 Qxd3 60. Qd5+ Kh8 61. Qf7 1-0

[Event "Warsaw Najdorf Memorial op-A"]
[Site "Warsaw"]
[Date "2023.07.15"]
[Round "5"]
[White "Klim, Filip"]
[Black "Saveljevs, Aleksandrs"]
[Result "1-0"]
[WhiteElo "2006"]
[BlackElo "2028"]
[PlyCount "81"]
[EventDate "2023.07.11"]
[EventType "swiss"]
[EventRounds "9"]
[EventCountry "POL"]
[SourceTitle "EXT 2024"]
[Source "ChessBase"]
[SourceDate "2023.10.10"]
[SourceVersion "1"]
[SourceVersionDate "2023.10.10"]
[SourceQuality "1"]

1. e4 c5 2. Nf3 Nc6 3. d4 cxd4 4. Nxd4 g6 5. c4 Bg7 6. Be3 Nf6 7. Nc3 0-0 8. Be2 d6 9. 0-0 Bd7 10. Qd2 Nxd4 11. Bxd4 Bc6 12. f3 a5 13. b3 Nd7 14. Bf2 Nc5 15. Rad1 Qb6 16. Nb5 Rfc8 17. h4 h5 18. Qg5 Bf6 19. Qe3 Qd8 20. e5 Bxe5 21. Qxe5 dxe5 22. Rxd8+ Rxd8 23. Bxc5 Rd2 24. Rf2 Bxb5 25. cxb5 Rc8 26. Bf1 Rd5 27. Bxe7 Rc1 28. Kh2 Rdd1 29. Bc4 Kg7 30. Bg5 Ra1 31. a4 f6 32. Be3 g5 33. hxg5 f5 34. Rd2 Re1 35. Rd7+ Kh8 36. g6 Rh1+ 37. Kg3 h4+ 38. Kf2 Ra2+ 39. Bd2 Rxd2+ 40. Rxd2 h3 41. Rd7 1-0

[Event "Warsaw Najdorf Memorial op-A"]
[Site "Warsaw"]
[Date "2023.07.11"]
[Round "1"]
[White "Chomczyk, Marek"]
[Black "Saveljevs, Aleksandrs"]
[Result "1-0"]
[WhiteElo "2277"]
[BlackElo "2028"]
[PlyCount "77"]
[EventDate "2023.07.11"]
[EventType "swiss"]
[EventRounds "9"]
[EventCountry "POL"]
[SourceTitle "EXT 2024"]
[Source "ChessBase"]
[SourceDate "2023.10.10"]
[SourceVersion "1"]
[SourceVersionDate "2023.10.10"]
[SourceQuality "1"]

1. c4 c5 2. g3 g6 3. Bg2 Bg7 4. Nc3 Nc6 5. Nf3 d6 6. 0-0 e5 7. a3 a5 8. d3 Nge7 9. Ne1 Be6 10. Bg5 f6 11. Bd2 0-0 12. Nd5 Bxd5 13. cxd5 Nd4 14. e3 Nb5 15. b4 axb4 16. axb4 b6 17. Nc2 Qd7 18. Qb1 Rxa1 19. Qxa1 Nc8 20. Qa4 Rf7 21. Rb1 Nba7 22. Qxd7 Rxd7 23. Bh3 Rb7 24. Na3 Kf8 25. e4 Ke7 26. Kf1 Kd8 27. Ke2 Kc7 28. f4 Kb8 29. fxe5 dxe5 30. Nc4 b5 31. Na5 Rc7 32. bxc5 Rxc5 33. Rb2 Kc7 34. Nb3 Bf8 35. Bb4 Kb6 36. Bxc5+ Bxc5 37. Nxc5 Kxc5 38. Bxc8 Nxc8 39. Rc2+ 1-0

[Event "Sitges Sunway op 9th"]
[Site "Sitges"]
[Date "2022.12.20"]
[Round "8"]
[White "Ismail, Tamer"]
[Black "Saveljevs, Aleksandrs"]
[Result "0-1"]
[WhiteElo "2112"]
[BlackElo "1974"]
[PlyCount "88"]
[EventDate "2022.12.12"]
[EventType "swiss"]
[EventRounds "10"]
[EventCountry "ESP"]
[SourceTitle "CBM 211 Extra"]
[Source "ChessBase"]
[SourceDate "2023.01.31"]
[SourceVersion "1"]
[SourceVersionDate "2023.01.31"]
[SourceQuality "1"]

1. c4 c5 2. Nc3 g6 3. g3 Bg7 4. Bg2 Nc6 5. Nf3 d6 6. 0-0 e5 7. a3 a5 8. Nd5 Nge7 9. d3 Nxd5 10. cxd5 Ne7 11. Nd2 a4 12. Rb1 b5 13. b4 axb3 14. Qxb3 Rb8 15. Ne4 0-0 16. Nc3 Bd7 17. Ne4 Nf5 18. Qa2 Qc7 19. Bg5 h6 20. Bf6 Bxf6 21. Nxf6+ Kg7 22. Nxd7 Qxd7 23. Bh3 Qa7 24. Bxf5 gxf5 25. Qc2 Qa4 26. Qc3 Qd4 27. Qb3 Qa4 28. f4 Qd4+ 29. Kh1 c4 30. dxc4 bxc4 31. Qf3 e4 32. Qh5 Rxb1 33. Rxb1 c3 34. Qxf5 c2 35. Qg4+ Kh8 36. Rf1 Qd1 37. Qh3 Kh7 38. Qf5+ Kg7 39. Qg4+ Kh8 40. Qh3 Qxf1+ 41. Qxf1 Rb8 42. Qa1+ Kg8 43. Kg2 Rb1 44. Qf6 c1Q 0-1

[Event "Sitges Sunway op 9th"]
[Site "Sitges"]
[Date "2022.12.15"]
[Round "4"]
[White "Saveljevs, Aleksandrs"]
[Black "Karavade, Eesha"]
[Result "0-1"]
[WhiteElo "1974"]
[BlackElo "2325"]
[PlyCount "64"]
[EventDate "2022.12.12"]
[EventType "swiss"]
[EventRounds "10"]
[EventCountry "ESP"]
[SourceTitle "CBM 211 Extra"]
[Source "ChessBase"]
[SourceDate "2023.01.31"]
[SourceVersion "1"]
[SourceVersionDate "2023.01.31"]
[SourceQuality "1"]

1. e4 c5 2. Nc3 Nc6 3. Bb5 Nd4 4. Nf3 e6 5. 0-0 a6 6. Bd3 Nc6 7. Re1 g5 8. Kh1 g4 9. Ng1 h5 10. f4 gxf3 11. Nxf3 Nf6 12. Nd5 Ng4 13. Qe2 Bg7 14. Ne3 Qc7 15. Nf1 Nd4 16. Nxd4 Bxd4 17. g3 Nf2+ 18. Kg2 h4 19. Ne3 hxg3 20. hxg3 Nxd3 21. Qxd3 Rg8 22. Rf1 Be5 23. Rb1 b5 24. b4 Bb7 25. bxc5 f5 26. Nc4 fxe4 27. Qe3 Bf4 28. Qc3 e3+ 29. Kh3 Bxg3 30. dxe3 Be1 31. Qxe1 Bg2+ 32. Kh4 Qd8+ 0-1

[Event "Riga Tech op 11th"]
[Site "Riga"]
[Date "2022.08.15"]
[Round "1"]
[White "Kantans, Toms"]
[Black "Saveljevs, Aleksandrs"]
[Result "1-0"]
[WhiteElo "2504"]
[BlackElo "2015"]
[PlyCount "61"]
[EventDate "2022.08.15"]
[EventType "swiss"]
[EventRounds "9"]
[EventCountry "LAT"]
[SourceTitle "CBM 209 Extra"]
[Source "ChessBase"]
[SourceDate "2022.09.30"]
[SourceVersion "1"]
[SourceVersionDate "2022.09.30"]
[SourceQuality "1"]

1. e4 c5 2. Nf3 Nc6 3. Bb5 g6 4. 0-0 Bg7 5. Re1 Nf6 6. Nc3 0-0 7. d3 d5 8. e5 Ne8 9. Bxc6 bxc6 10. Na4 Qa5 11. b3 c4 12. dxc4 dxc4 13. Ba3 Qc7 14. Qd4 cxb3 15. cxb3 Nd6 16. exd6 Bxd4 17. dxc7 Bxa1 18. Rxa1 Re8 19. Nd4 Bd7 20. Nc5 Rac8 21. Nxd7 Rxc7 22. Nc5 Rd8 23. Nf3 Rd5 24. Kf1 Rc8 25. Rc1 e5 26. Ne4 Ra5 27. Bb2 Rxa2 28. Bxe5 h5 29. Nd4 Kf8 30. b4 a5 31. b5 1-0

[Event "Cattolica Primavera op"]
[Site "Cattolica"]
[Date "2022.03.17"]
[Round "2"]
[White "Mirri, Pietro"]
[Black "Saveljevs, Aleksandrs"]
[Result "1/2-1/2"]
[WhiteElo "2119"]
[BlackElo "2001"]
[PlyCount "128"]
[EventDate "2022.03.16"]
[EventType "swiss"]
[EventRounds "9"]
[EventCountry "ITA"]
[SourceTitle "CBM 207 Extra"]
[Source "ChessBase"]
[SourceDate "2022.05.31"]
[SourceVersion "1"]
[SourceVersionDate "2022.05.31"]
[SourceQuality "1"]

1. d4 Nf6 2. c4 c5 3. d5 e6 4. Nc3 exd5 5. cxd5 d6 6. e4 g6 7. Nf3 Bg7 8. Be2 0-0 9. 0-0 Bg4 10. h3 Bxf3 11. Bxf3 Re8 12. Bf4 a6 13. a4 Qc7 14. Re1 Nbd7 15. Qc2 Rac8 16. a5 c4 17. Ra4 b5 18. axb6 Nxb6 19. Raa1 Nfd7 20. Be3 Qb7 21. Bg4 h5 22. Be2 Nc5 23. f3 Nb3 24. Rad1 Nd7 25. g4 hxg4 26. hxg4 Qb4 27. Kg2 a5 28. Rh1 a4 29. f4 a3 30. Na2 Qa4 31. bxa3 Qxa3 32. Rh3 Na1 33. Rxa1 Bxa1 34. Bd4 Qxh3+ 35. Kxh3 Bxd4 36. Nb4 c3 37. Bb5 Nc5 38. Bxe8 Rxe8 39. e5 dxe5 40. Nc6 Nd7 41. d6 Re6 42. fxe5 Bxe5 43. Nxe5 Rxe5 44. Qxc3 Rd5 45. Qc6 Rd3+ 46. Kh4 Nf8 47. Kg5 Kg7 48. Kf4 Ne6+ 49. Ke4 Rd4+ 50. Ke5 Rd1 51. d7 Rd3 52. Qc8 Rd1 53. Qe8 Rd3 54. Qe7 Re3+ 55. Kd5 Nf4+ 56. Kd6 Rxe7 57. d8Q Re2 58. Qa5 Ne6 59. Qc3+ Kg8 60. Qf3 Re1 61. Qc6 Nf8 62. Qc4 Re6+ 63. Kd5 Nd7 64. Qc8+ Nf8 1/2-1/2

[Event "Sea festival"]
[Site "Lithuania"]
[Date "2003.??.??"]
[Round "2"]
[White "Saveljevs, Aleksandrs"]
[Black "Slapikas, Vytautas"]
[Result "0-1"]
[WhiteElo "2059"]
[BlackElo "2360"]
[PlyCount "76"]
[EventDate "2003.??.??"]
[EventType "team"]
[EventRounds "7"]
[EventCountry "LTU"]
[SourceTitle "EXT 2005"]
[Source "ChessBase"]
[SourceDate "2004.11.15"]
[SourceVersion "1"]
[SourceVersionDate "2004.11.15"]
[SourceQuality "1"]

1. e4 c6 2. Nc3 d5 3. Qf3 dxe4 4. Nxe4 Nd7 5. Ne2 Ngf6 6. N2c3 g6 7. Bc4 Bg7 8. Nxf6+ Nxf6 9. 0-0 0-0 10. Re1 Ng4 11. Qg3 Nh6 12. a4 Nf5 13. Qf3 Nd4 14. Qd1 e5 15. d3 Be6 16. Bxe6 Nxe6 17. Be3 f5 18. f3 a5 19. Qd2 Re8 20. Bf2 Qc7 21. Kh1 Rad8 22. Rad1 Bf6 23. Bg1 Kg7 24. Qf2 Rd4 25. Qd2 Rd7 26. Qf2 Qd6 27. Re2 Nd4 28. Ree1 Rde7 29. Qd2 Bh4 30. Bf2 Qf6 31. Bxh4 Qxh4 32. b3 Qf4 33. Qf2 Qg5 34. Qd2 Kf6 35. Qxg5+ Kxg5 36. Rc1 Kf6 37. Kg1 Rd8 38. Kf2 h5 0-1